000 00756nam a2200157Ia 4500
008 151213s9999 xx 000 0 und d
100 _aআব্দুল মান্নান তালুকদার
245 _aউচ্চ উৎপাদন ও পণ্য কর্ম সংস্থাপন ব্যবস্থপনা - একটি বিশেষ সনদ গ্রন্থ।
_cআব্দুল মান্নান তালুকদার
250 _a১ম সং
260 _aঢাকা
_bএমব্রেসার’স ফিল্ম
_c2004
300 _a8369 p.
650 _aBangla
650 _aউপন্যাস
700 _aআব্দুল মান্নান তালুকদার
999 _c4208
_d4208